000 00979nam a2200253 4500
999 _c3268
_d3268
003 OSt
005 20211028125948.0
008 211028b ||||| |||| 00| 0 eng d
020 _a9781259922046
040 _cAlupe University
050 _aHG181
_b.S28 2018
100 _aSaunders, Anthony
245 _aFinancial institutions management :
_ba risk management approach/
_c Anthony Saunders and Marcia Millon Cornett
250 _a 9. edition,
_b international student edition
260 _aNew York, NY :
_bMcGraw-Hill Education,
_c[2018] ©2018
300 _axxi, 886p :
_bill,
_c28cm
440 _aThe McGraw-Hill/Irwin series in finance, insurance and real estate
500 _aIncludes Index
650 _a Financial institutions -- United States -- Management.
650 _a Risk management -- United States.
650 _aFinancial service industry -- United States -- Management.
700 _aMarcia Millon Cornett
942 _2lcc
_cBK
_nSO